1685 1914 1517 1219 1431 1524 1849 1212 1230 1101 1121 1059 1554 1557 1340 1828 1548 1080 1010 1427 1625 1100 1266 1448 1022 1494 1996 1218 1580 1952 1204 1945 1520 1816 1324 1973 1194 1423 1386 1958 1420 1553 1003 1966 1546 1503 1696 1503 1472 1747 1563 1746 1793 1217 1039 1587 1626 1875 1912 1213 1757 1208 1162 1669 1030 1431 1135 1350 1345 1107 1743 1844 1834 1999 1557 1202 1927 1767 1122 1724 1852 1747 1331 1916 1664 1060 1717 1775 1621 1295 1985 1492 1910 1000 1695 1186 1880 1532 1029 BCNSPRNW ULIB Ver.6.0+V

เปลี่ยนเป็นภาษาไทย

Change to English
 แสดงรายละเอียดบรรณานุกรม
  กลับหน้าหลัก

Brief Record : Get Marc (ISO 2709) : E-mail record : QR code < ปิดหน้าต่าง
LEADER : 00000nam 2200000uu 4500
001    13399120225
003     ULIB
008    020711s2009 th a 000 0 eng d
020    9780131354876
050    QS4^bM386F
100    Frederic H. Martini
245    FUNDAMENTALS OF ANATOMY & PHYSIOLOGY/^cFrederic H. Martini
260    San Francisco :^bPEARSON,^c2009
945    ^p0^l0^i16535
999    ^aทศพร เกษรทอง
รายการนี้ยังไม่มีแท็ก
คุณยังไม่ได้ล็อกอิน คุณสามารถมีกิจกรรมร่วมกับเว็บไซต์ได้ แต่ต้องล็อกอินก่อน ::
  ล็อกอิน

รายการสื่อสารสนเทศ

ลำดับที่ ประเภท เลขเรียก/บาร์โค้ด สถานที่ สถานะ
1. วิทยาศาสตร์การแพทย์ และสุขภาพ
วิทยาศาสตร์การแพทย์ และสุขภาพ
QS4 M386F  
  Barcode: 16535
ห้องสมุดวิทยาเขตสวรรค์ประชารักษ์
►หนังสือทั่วไป
บนชั้น

BibComment


ยังไม่เคยถูกคอมเมนท์

คอมเมนท์ทรัพยากรรายการนี้
  คอมเมนท์: FUNDAMENTALS OF A..


 Copyright 2026. Bcnsprnw @Library